Countries Closest to the Golden Gate Bridge - Statistics

General Stats
  • This quiz has been taken 126 times
  • The average score is 18 of 24
Answer Stats
miles Country km % Correct
473 Mexico 762
98%
720 Canada 1,159
97%
0 United States 0
96%
2,484 Cuba 3,997
93%
3,173 Haiti 5,107
89%
2,568 Honduras 4,133
88%
2,633 Bahamas 4,237
87%
2,738 Nicaragua 4,407
87%
2,924 Costa Rica 4,706
86%
2,350 Guatemala 3,782
86%
3,134 Panama 5,044
86%
2,435 Belize 3,918
85%
3,449 Colombia 5,551
85%
2,579 El Salvador 4,151
82%
2,975 Jamaica 4,787
80%
3,590 Venezuela 5,778
78%
2,692 Russia 4,333
77%
3,271 Dominican Republic 5,264
76%
3,257 Ecuador (Galápagos) 5,242
70%
3,848 St. Kitts and Nevis 6,193
60%
3,293 Kiribati 5,300
38%
3,652 Aruba 5,878
29%
3,710 Curaçao 5,971
23%
3,101 Greenland 4,991
20%
No matching quizzes found
Score Distribution
Percent of People with Each Score
Percentile by Number Answered
Your Score History
You have not taken this quiz